<?xml version="1.0" encoding="UTF-8"?>
<collection xmlns:xsi="http://www.w3.org/2001/XMLSchema-instance" xsi:schemaLocation="http://www.loc.gov/MARC21/slim http://www.loc.gov/standards/marcxml/schema/MARC21slim.xsd" xmlns="http://www.loc.gov/MARC21/slim">
 <record>
  <leader>00000nam a22000004a 4500</leader>
  <controlfield tag="001">UP-8027390931311646618</controlfield>
  <controlfield tag="003">Buklod</controlfield>
  <controlfield tag="005">20250221101528.0</controlfield>
  <controlfield tag="006">t     r    |||| u|</controlfield>
  <controlfield tag="007">ta</controlfield>
  <controlfield tag="008">250221s2024    xxua    r     00| u|eng  </controlfield>
  <datafield tag="040" ind1=" " ind2=" ">
   <subfield code="a">DCHE</subfield>
   <subfield code="e">rda</subfield>
  </datafield>
  <datafield tag="041" ind1=" " ind2=" ">
   <subfield code="a">eng</subfield>
  </datafield>
  <datafield tag="090" ind1=" " ind2="0">
   <subfield code="a">LG 993.5 2024 F66</subfield>
   <subfield code="b">R49</subfield>
  </datafield>
  <datafield tag="100" ind1="1" ind2=" ">
   <subfield code="a">Reynosa, Clarissa Antoinette T.</subfield>
   <subfield code="e">author</subfield>
  </datafield>
  <datafield tag="245" ind1="0" ind2="0">
   <subfield code="a">In silico determination and analysis of sea cucumber (Holothuroidea) allergenicity and cross-reactivity</subfield>
   <subfield code="c">Clarissa Antoinette T. Reynosa.</subfield>
  </datafield>
  <datafield tag="264" ind1=" " ind2="0">
   <subfield code="a">Quezon City</subfield>
   <subfield code="b">University of the Philippines Diliman</subfield>
   <subfield code="c">2024</subfield>
  </datafield>
  <datafield tag="300" ind1=" " ind2=" ">
   <subfield code="a">xviii, 232 leaves</subfield>
   <subfield code="b">illustrations</subfield>
   <subfield code="c">28 cm.</subfield>
  </datafield>
  <datafield tag="336" ind1=" " ind2=" ">
   <subfield code="a">text</subfield>
   <subfield code="2">rdacontent</subfield>
  </datafield>
  <datafield tag="337" ind1=" " ind2=" ">
   <subfield code="a">unmediated</subfield>
   <subfield code="2">rdamedia</subfield>
  </datafield>
  <datafield tag="338" ind1=" " ind2=" ">
   <subfield code="a">volume</subfield>
   <subfield code="2">rdacarrier</subfield>
  </datafield>
  <datafield tag="500" ind1=" " ind2=" ">
   <subfield code="a">In partial fulfillment for the Degree of Bachelor of Science in Food Technology</subfield>
  </datafield>
  <datafield tag="502" ind1=" " ind2=" ">
   <subfield code="a">Thesis</subfield>
   <subfield code="b">Bachelor of Science in Food Technology</subfield>
   <subfield code="c">University of the Philippines Diliman</subfield>
   <subfield code="d">2024</subfield>
  </datafield>
  <datafield tag="506" ind1=" " ind2=" ">
   <subfield code="a">This thesis is not available to the public. Please ask the Library for assistance</subfield>
  </datafield>
  <datafield tag="506" ind1=" " ind2=" ">
   <subfield code="a">Thesis classification: P</subfield>
  </datafield>
  <datafield tag="520" ind1="3" ind2=" ">
   <subfield code="a">Global consumption of seafood has been steadily increasing affecting 1-3% of the population, with the demand for sea cucumbers (Holothuroidea) on the rise due to its high bioactive compound and metabolite content. However, the study of allergenicity and cross-reactivity of sea cucumbers remain insufficiently investigated despite its high demand as bêche-de-mer in the global trepang trade due to its antitumor, anticoagulant, antimicrobial, and antioxidant properties. In this study, the allergenicity and cross-reactivity of sandfish (Holothuria scabra), dragonfish (Stichopus horrens), and prickly redfish (Thelenota ananas) are evaluated. Common potential allergens in three species of Holothuroidea are cytochrome b, cytochrome c oxidase subunits 1 and 3, and NADH-ubiquinone oxidoreductase chain 5. For S. horrens and T. ananas, NADH-ubiquinone oxidoreductase chain 2 was also detected as potentially allergenic proteins together with NADH-ubiquinone oxidoreductase chain 4 in S. horrens. These potential allergens were then found to be cross-reactive to allergens in several food sources (e.g., yellowfin tuna, atlantic cod, soybean, peanut). Peptide sequences of the B-cell epitopes were predicted which determined that the amino acids involved possess surface accessibility, hydrophilicity, and antigenicity – essential properties of B-cell epitopes. The T-cell epitopes of the allergenic protein also possess binding affinity to the class II HLA associated with wheat, peanut, lichwort, olive, rye, castor bean, apple, and orange allergies. The tertiary structures of the potential allergens were modeled for a proper visualization which obtained high GMQE and ERRAT scores, indicating good quality of 3D models produced. However, the Verify3D scores were found to be below 80%, signifying the need for further compatibility of the 3D structure to its 1D amino acid sequence.</subfield>
  </datafield>
  <datafield tag="650" ind1=" " ind2="0">
   <subfield code="a">Allergens.</subfield>
  </datafield>
  <datafield tag="650" ind1=" " ind2="0">
   <subfield code="a">Food allergy.</subfield>
  </datafield>
  <datafield tag="650" ind1=" " ind2="0">
   <subfield code="a">Sea cucumbers.</subfield>
  </datafield>
  <datafield tag="653" ind1=" " ind2="0">
   <subfield code="a">Allergenicity.</subfield>
  </datafield>
  <datafield tag="653" ind1=" " ind2="0">
   <subfield code="a">Cross-reactivity.</subfield>
  </datafield>
  <datafield tag="653" ind1=" " ind2="0">
   <subfield code="a">Holothuroidea.</subfield>
  </datafield>
  <datafield tag="700" ind1="1" ind2=" ">
   <subfield code="a">Anapi, Gerieka R.</subfield>
   <subfield code="e">adviser.</subfield>
  </datafield>
  <datafield tag="842" ind1=" " ind2=" ">
   <subfield code="a">Thesis</subfield>
  </datafield>
  <datafield tag="856" ind1="4" ind2="0">
   <subfield code="y">Available for University of the Philippines Diliman via Digital Archives. Click here to access</subfield>
   <subfield code="u">https://digitalarchives.upd.edu.ph/item/61852</subfield>
  </datafield>
  <datafield tag="905" ind1=" " ind2=" ">
   <subfield code="a">UP</subfield>
  </datafield>
  <datafield tag="950" ind1=" " ind2=" ">
   <subfield code="a">Paper</subfield>
  </datafield>
  <datafield tag="852" ind1="0" ind2=" ">
   <subfield code="a">UPD</subfield>
   <subfield code="b">DCHE</subfield>
   <subfield code="h">LG 993.5 2024 F66</subfield>
   <subfield code="i">R49</subfield>
  </datafield>
  <datafield tag="942" ind1=" " ind2=" ">
   <subfield code="a">Thesis</subfield>
  </datafield>
 </record>
</collection>
